logo

Bir Sreshtho Munshi Abdur Rouf Library
Jhenaidah Cadet College

Small and medium scale enterprises in industrial development the bangladesh experience / (Record no. 5257)

MARC details
000 -LEADER
fixed length control field 00616nam a2200217 a 4500
001 - CONTROL NUMBER
JCCL Control Number 5257
003 - CONTROL NUMBER IDENTIFIER
JCCL marc code BD-JhCC
005 - DATE AND TIME OF LATEST TRANSACTION
control field 20171211175109.0
008 - FIXED-LENGTH DATA ELEMENTS--GENERAL INFORMATION
fixed length control field 171211s1993 bg ||||| |||| 00| 0 eng d
035 ## - SYSTEM CONTROL NUMBER
system control number (BD-JhCC)5257
040 ## - CATALOGING SOURCE
Original cataloging agency BD-JhCC
Modifying agency BD-JhCC
041 ## - LANGUAGE CODE
Language code of Book eng
082 ## - DEWEY DECIMAL CLASSIFICATION NUMBER
Classification number 338.64209549
Author mark and Year REZ 1992
100 ## - MAIN ENTRY--PERSONAL NAME
Personal name Reza, Sadrel
245 ## - TITLE STATEMENT
Title Small and medium scale enterprises in industrial development the bangladesh experience /
Statement of responsibility, etc Sadrel Reza
260 ## - PUBLICATION, DISTRIBUTION, ETC. (IMPRINT)
Place of publication, distribution, etc Dhaka :
Name of publisher, distributor, etc Academic Publishers,
Date of publication, distribution, etc 1992.
300 ## - PHYSICAL DESCRIPTION
Pagination 214 p. :
Dimensions 22 cm.
650 ## - SUBJECT ADDED ENTRY--TOPICAL TERM
Topical term or geographic name as entry element Small busiess
Geographic subdivision Bangladesh
942 ## - ADDED ENTRY ELEMENTS (KOHA)
Source of classification or shelving scheme Dewey Decimal Classification
Koha item type Books
Holdings
Source of classification or shelving scheme Damaged status Not for loan Home library Current library Shelving location Date of accession Total Checkouts Full call number Barcode Date last seen Copy number Koha item type
Dewey Decimal Classification     JCC Rouf Library JCC Rouf Library General Stacks 12/13/2017   338.64209549 REZ 1992 7132 12/13/2017 C-1 Books

JCC Library | Contacts | JCC Home

Last Update on 23 September 2017
Copyright @ 2017-2020 JCC Rouf Library
Rouf Library, Jhenidah Cadet College (JCC), Bangladesh